000 00320nam a2200133Ia 4500
005 20260328101511.0
008 260328s9999||||xx |||||||||||||| ||und||
100 _aBardi, P.M.
245 0 _aLe Corbusier /
_cP.M. Bardi
260 _bMuseo de Arte de Sao Paulo
300 _a71 p.
650 _aCorbusier, Le
942 _cBK
999 _c9192
_d9192